Die singenden Totenköpfe

Titel: Die singenden Totenköpfe : Volkssagen aus Pommern und Rügen / gesammelt von J. D. H. Temme
Verfasser:
Veröffentlicht: Norderstedt : BoD – Books on Demand, [2022]
Umfang: 242 Seiten ; 22 cm x 15.5 cm, 394 g
Format: Buch
Sprache: Deutsch
Schriftenreihe/
mehrbändiges Werk:
Lebendiges Brauchtum - Sagen, Märchen und Legenden aus aller Welt ; Band 4
Schlagworte:
Andere Ausgaben: Erscheint auch als Online-Ausgabe: ˜Dieœ singenden Totenköpfe - Volkssagen aus Pommern und Rügen. - Norderstedt : Books on Demand, 2022. - Online-Ressource
ISBN: 9783755779513 ; 375577951X
Buchumschlag
X
alg: 49457109
001A    $00034:09-05-22 
001B    $03025:31-05-22 $t11:57:28.000 
001D    $00034:09-05-22 
001U    $0utf8 
001X    $00 
002@    $0Aau 
002C    $aText $btxt $2rdacontent 
002D    $aohne Hilfsmittel zu benutzen $bn $2rdamedia 
002E    $aBand $bnc $2rdacarrier 
003@    $0494571098 
003O    $01295833621 $aOCoLC 
004A    $A978-3-7557-7951-3 $fPaperback : EUR 16.90 (DE), EUR 17.40 (AT), CHF 24.50 (freier Preis) 
004A    $03-7557-7951-X 
004K    $09783755779513 
006C    $01295833621 $aOCoLC 
006G    $01250769604 
007A    $01250769604 $aDNB 
009P    $qtext/html $3Inhaltstext $uhttp://deposit.dnb.de/cgi-bin/dokserv?id=4e7ff45b19804384b185b09335d013c9&prov=M&dok_var=1&dok_ext=htm $mX:MVB 
010@    $ager 
010E    $erda 
011@    $a2022 $n[2022] 
021A    $aDie @singenden Totenköpfe $dVolkssagen aus Pommern und Rügen $hgesammelt von J. D. H. Temme 
028A    $BZusammenstellender $ROldeneel, Jodokus von $#Temme, Jodocus Dedatus Hubertus $#Temme, Hubertus $#Temme, Iodokus Deodatus Hubertus $#Temme, Jodocus $#Temme, Jodocus D. $#Temme, Jodocus Deodatus Hubertus $#Temme, Jodocus Diadotus Hubertus $#Temme, Jodokus $#Temme, Jodokus D. $#Temme, Jodokus D. H. $#Temme, Jodokus Deodatius Hubertus $#Temme, Joducus Deodatus Hubertus $#Temme, Jodocus D. H. $#Temme, J. D. H. $#Temme, Jodokus Deodatus Hubertus $#Temme, Jodokus Donatus Hubertus $#Temme, Jodocus D.H. $#Temme, J.D.H. $#Stahl, H. $#Stahl, Heinrich $#Stahl, Hermann $#Temme, Jodokus D. H. $#Temme, Jodocus D. $#Temme, Iodoeus $#Temme, Jodocus H. $#Temme, J. D. $#Temme, J. T. H. $4com $7118801597 $8Temme, Jodocus Donatus Hubertus$Z1798-1881 [Tp1] $9087142198 
033A    $pNorderstedt $nBoD – Books on Demand 
034D    $a242 Seiten 
034I    $a22 cm x 15.5 cm, 394 g 
036E    $aLebendiges Brauchtum - Sagen, Märchen und Legenden aus aller Welt $lBand 4 
039D    $aErscheint auch als $t˜Dieœ singenden Totenköpfe - Volkssagen aus Pommern und Rügen $dNorderstedt $eBooks on Demand $f2022 $g1. Auflage $hOnline-Ressource $nOnline-Ausgabe 
044K    $RMecklenburg-Vorpommern $#Pommern $#Pommern $#Herzogtum Pommern $#Herzogthum Pommern $#Provinz Pommern $#Pomorze $74046744-2 $8Pommern [Tg1] $9085130354 
044K    $RKurzepik $RVolkserzählung $RMythos $#Legends $#Légendes $#Leggende $#Volkssage $#Sagen $74051288-5 $8Sage [Ts1] $9085143081 
045E    $c390 
045F    $a800 $eDDC23BSB 
045F/01 $a800 
045F/03 $g43816 

lok: 49457109 23

exp: 49457109 23 1 #EPN
201B/01 $009-05-22 $t15:57:03.000 
201C/01 $009-05-22 
201U/01 $0utf8 
203@/01 $01200917189 
208@/01 $a09-05-22 $bz 
209A/01 $a35 2022 A 358 $du $f030 $h2022 A 358 $x00 
209G/01 $a28823304 $x00 
209G/01 $aSonderstandort Magazin Oberzwehren $x01 
247C/01 $8352030-4 <34/30>Kassel, UB Kassel, Standort Brüder-Grimm-Platz, Landesbibliothek und Murhardsche Bibliothek der Stadt Kassel $9102599475 

lok: 49457109 78

exp: 49457109 78 1 #EPN
201B/01 $031-05-22 $t11:56:12.000 
201C/01 $031-05-22 
201U/01 $0utf8 
203@/01 $01202477763 
208@/01 $a31-05-22 $be 
209A/01 $a/ $f000 $x00 
209A/01 $ab*p $x01 
220C/01 $aeja 
244Z/01 $#Pommern $#Pommern $#Herzogtum Pommern $#Herzogthum Pommern $#Provinz Pommern $#Pomorze $74046744-2 $8--Tg1--Pommern $x06 $9085130354 
247C/01 $82080>Marburg/Lahn, Herder-Institut, Forschungsbibliothek, Bibliographieportal $9336309341
LEADER 00000cam a2200000 c 4500
001 494571098
003 DE-603
005 20220531115728.0
007 tu
008 220509s2022 xx |||| | u00||u|ger
016 7 |2 DE-101  |a 1250769604 
020 |a 9783755779513  |c Paperback : EUR 16.90 (DE), EUR 17.40 (AT), CHF 24.50 (freier Preis) 
020 |a 375577951X 
024 3 |a 9783755779513 
035 |a (DE-599)DNB1250769604 
035 |a (OCoLC)1295833621 
040 |a DE-603  |b ger  |c DE-603  |d DE-603  |e rda 
041 |a ger 
082 0 4 |8 1\u  |a 800  |q DE-101  |2 23/BSB 
084 |a 390  |q DE-101  |2 sdnb 
085 |8 1\u  |b 800 
085 |8 1\u  |z 2  |s 43816 
100 1 |a Temme, Jodocus Donatus Hubertus  |d 1798-1881  |e Zusammenstellender  |4 com  |0 (DE-603)087142198  |0 (DE-588)118801597  |2 gnd 
245 0 0 |a ˜Dieœ singenden Totenköpfe  |b Volkssagen aus Pommern und Rügen  |c gesammelt von J. D. H. Temme 
264 1 |a Norderstedt  |b BoD – Books on Demand  |c [2022] 
300 |a 242 Seiten  |c 22 cm x 15.5 cm, 394 g 
336 |a Text  |b txt  |2 rdacontent 
337 |a ohne Hilfsmittel zu benutzen  |b n  |2 rdamedia 
338 |a Band  |b nc  |2 rdacarrier 
490 0 |a Lebendiges Brauchtum - Sagen, Märchen und Legenden aus aller Welt  |v Band 4 
650 7 |a Sage  |0 (DE-588)4051288-5  |0 (DE-603)085143081  |2 gnd 
651 7 |a Pommern  |0 (DE-588)4046744-2  |0 (DE-603)085130354  |2 gnd 
776 0 8 |i Erscheint auch als  |n Online-Ausgabe  |t ˜Dieœ singenden Totenköpfe - Volkssagen aus Pommern und Rügen  |b 1. Auflage  |d Norderstedt : Books on Demand, 2022  |h Online-Ressource 
856 4 2 |m X:MVB  |q text/html  |u http://deposit.dnb.de/cgi-bin/dokserv?id=4e7ff45b19804384b185b09335d013c9&prov=M&dok_var=1&dok_ext=htm  |3 Inhaltstext 
924 0 |9 34/30  |a (DE-603)1200917189  |b DE-34-30  |c HES  |d c  |g 35 2022 A 358  |h Sonderstandort Magazin Oberzwehren 
924 0 |9 2080  |a (DE-603)1202477763  |b DE-2080  |c HES  |d d  |g /